[Event "CRO-chT2 East"]
[Site "Osijek"]
[Date "2013.04.20"]
[Round "1.46"]
[White "Radmanovic, Danijel"]
[Black "Sarcevic, Zelimir"]
[Result "1-0"]
[WhiteElo "1994"]
[BlackElo "1961"]
[PlyCount "63"]
[EventDate "2013.04.20"]
[EventType "team-tourn"]
[EventRounds "11"]
[EventCountry "CRO"]
[SourceTitle "EXT 2023"]
[Source "ChessBase"]
[SourceDate "2022.10.05"]
[SourceVersion "1"]
[SourceVersionDate "2022.10.05"]
[SourceQuality "1"]

1. e4 c5 2. d4 cxd4 3. c3 dxc3 4. Nxc3 a6 5. Nf3 Nc6 6. Bc4 e6 7. 0-0 Nge7 8. Bg5 h6 9. Bh4 Qa5 10. Bg3 Ng6 11. Nd5 d6 12. Ne3 Nge5 13. Nxe5 Nxe5 14. Bb3 b5 15. a4 Bd7 16. Bxe5 dxe5 17. axb5 Qxb5 18. Ba4 Qb7 19. Nc4 f6 20. Bxd7+ Qxd7 21. Qxd7+ Kxd7 22. Nb6+ Kc7 23. Nxa8+ Kb7 24. Rfd1 Bc5 25. Rd7+ Kxa8 26. Rxa6+ Kb8 27. Rxg7 Rd8 28. h3 Rd1+ 29. Kh2 Bxf2 30. Rxe6 Rd8 31. Rxf6 h5 32. Rxf2 1-0

[Event "Pula op 22nd"]
[Site "Pula"]
[Date "2008.06.21"]
[Round "1"]
[White "Sarcevic, Zelimir"]
[Black "Bodiroga, Predrag"]
[Result "0-1"]
[WhiteElo "2021"]
[BlackElo "2405"]
[PlyCount "104"]
[EventDate "2008.06.21"]
[EventType "swiss"]
[EventRounds "9"]
[EventCountry "CRO"]
[SourceTitle "CBM 125 Extra"]
[Source "ChessBase"]
[SourceDate "2008.09.01"]
[SourceVersion "1"]
[SourceVersionDate "2008.09.01"]
[SourceQuality "1"]

1. e4 c6 2. d4 d5 3. e5 c5 4. dxc5 e6 5. Be3 Nh6 6. g4 Nc6 7. Bb5 Qa5+ 8. Nc3 Qb4 9. h3 Qxb2 10. Bxc6+ bxc6 11. Nge2 Ba6 12. Rb1 Qa3 13. Rb3 Qa5 14. Qb1 Qc7 15. Bd4 Be7 16. 0-0 0-0 17. Re1 f5 18. exf6 gxf6 19. Qc1 Nf7 20. Nf4 e5 21. Ne6 Qc8 22. Nxf8 Qxf8 23. Be3 Bc4 24. Rb7 Bxc5 25. Bxc5 Qxc5 26. Rxf7 Kxf7 27. Qh6 Qf8 28. Qxh7+ Qg7 29. Qf5 Ke7 30. f4 Kd6 31. g5 Re8 32. Qxf6+ Qxf6 33. gxf6 e4 34. Kf2 Rh8 35. Kg3 Ke6 36. Nxe4 dxe4 37. Rxe4+ Kd5 38. Rxc4 Kxc4 39. Kg4 Kc3 40. Kg5 Kxc2 41. f7 Kd3 42. Kg6 c5 43. Kg7 Rc8 44. f8Q Rxf8 45. Kxf8 c4 46. f5 c3 47. f6 c2 48. f7 c1Q 49. h4 Ke4 50. Kg7 Qc3+ 51. Kh7 Qf6 52. Kg8 Qg6+ 0-1